Normal view
MARC view
Entry Personal Name
001 - CONTROL NUMBER
- control field: 2866
003 - CONTROL NUMBER IDENTIFIER
- control field: PK-LaUMT
005 - DATE AND TIME OF LATEST TRANSACTION
- control field: 20241021105231.0
008 - FIXED-LENGTH DATA ELEMENTS
- fixed length control field: 241021|| aca||aabn | a|a d
040 ## - CATALOGING SOURCE
- Original cataloging agency: PK-LaUMT
- Transcribing agency: PK-LaUMT
100 ## - HEADING--PERSONAL NAME
- Personal name: Saadat Nasreen = سعادت نسرین
670 ## - SOURCE DATA FOUND
- Source citation: Work cat.: (PK-LaUMT)135579: Saadat Nasreen = سعادت نسرین, Bund kawar = بند کواڑ/, 2007
